<?xml version="1.0" encoding="UTF-8"?>
<marc:record xmlns:marc="http://www.loc.gov/MARC21/slim">
   <marc:leader>00000nam a2200000 a 4500</marc:leader>
   <marc:datafield ind1="1" ind2=" " tag="100">
      <marc:subfield code="a">Grimm, Brüder</marc:subfield>
      <marc:subfield code="4">aut</marc:subfield>
      <marc:subfield code="e">Verfasser/-in</marc:subfield>
   </marc:datafield>
   <marc:datafield ind1=" " ind2=" " tag="653">
      <marc:subfield code="a">PFERD</marc:subfield>
   </marc:datafield>
   <marc:datafield ind1="0" ind2="0" tag="245">
      <marc:subfield code="a">Kinder- und Hausmärchen</marc:subfield>
   </marc:datafield>
   <marc:datafield ind1="0" ind2="0" tag="245">
      <marc:subfield code="c">Brüder Grimm</marc:subfield>
   </marc:datafield>
   <marc:datafield ind1=" " ind2="1" tag="264">
      <marc:subfield code="a">Stuttgart</marc:subfield>
      <marc:subfield code="b">Reclam</marc:subfield>
      <marc:subfield code="c">2001</marc:subfield>
   </marc:datafield>
   <marc:datafield ind1="1" ind2=" " tag="520">
      <marc:subfield code="a">Die Neuauflage eines großen Erfolges: Nach der Sonderausgabe zum 200-jährigen Geburtstag der Brüder Grimm 1985/86 wird nun die dreibändige Schmuck-Kassette der 'Kinder- und Hausmärchen' neu aufgelegt. Diese sind zweifelsohne das meistgedruckte und am weitesten verbreitete Buch deutscher Sprache, ein unerschöpflicher Schatz von Figuren und Bildvorstellungen, die jeder aus seiner Kindheit kennt. Diese Gesamtausgabe ist im doppelten Sinne konkurrenzlos, da sie zum einen ausgehend von der Ausgabe letzter Hand (1857) alle ausgeschiedenen Märchen früherer Ausgaben wieder aufnimmt und zum anderen auch die Originalanmerkungen der Brüder Grimm enthält. Als diese jetzt auf den neuesten Forschungsstand gebrachte Ausgabe 1980 erstmals in der Universal-Bibliothek erschien, wurde sie hymnisch besprochen: 'Die umfassendste und beste aller Kinder- und Hausmärchen-Ausgaben', urteilte die Neue Züricher Zeitung.</marc:subfield>
   </marc:datafield>
   <marc:datafield ind1=" " ind2=" " tag="020">
      <marc:subfield code="a">315030024X</marc:subfield>
      <marc:subfield code="9">315030024X</marc:subfield>
   </marc:datafield>
   <marc:datafield ind1=" " ind2=" " tag="300">
      <marc:subfield code="a">629 S.</marc:subfield>
   </marc:datafield>
</marc:record>
